|
|
|
|
| LEADER |
00000naa2a2200000 4500 |
| 001 |
241723 |
| 005 |
20251217140905.0 |
| 035 |
|
|
|a (RuTPU)RU\TPU\book\263010
|
| 035 |
|
|
|a RU\TPU\book\263006
|
| 090 |
|
|
|a 241723
|
| 100 |
|
|
|a 20130819d2013 k y0rusy50 ca
|
| 101 |
0 |
|
|a rus
|
| 102 |
|
|
|a RU
|
| 135 |
|
|
|a drcn ---uucaa
|
| 181 |
|
0 |
|a i
|
| 182 |
|
0 |
|a b
|
| 200 |
1 |
|
|a Разработка грунтового слоя для каркасных зубных протезов на основе алюмооксидной керамики ВК 95-1
|f О. А. Проскурдина, Д. В. Проскурдин
|g науч. рук. В. И. Верещагин
|
| 203 |
|
|
|a Текст
|c электронный
|
| 225 |
1 |
|
|a Химия и химическая технология неорганических веществ и материалов
|
| 300 |
|
|
|a Заглавие с титульного экрана
|
| 320 |
|
|
|a [Библиогр.: с. 89 (2 назв.)]
|
| 337 |
|
|
|a Adobe Reader
|
| 461 |
|
1 |
|0 (RuTPU)RU\TPU\book\259433
|t Химия и химическая технология в XXI веке
|o материалы XIV Всероссийской научно-практической конференции имени профессора Л.П. Кулёва студентов и молодых ученых с международным участием, Томск, 13-16 мая 2013 г
|o в 2 т.
|f Национальный исследовательский Томский политехнический университет (ТПУ); Институт природных ресурсов (ИПР) ; Институт физики высоких технологий (ИФВТ) ; Физико-технический институт (ФТИ)
|d 2013
|
| 463 |
|
1 |
|0 (RuTPU)RU\TPU\book\259435
|t Т. 1
|v [С. 88-89]
|d 2013
|
| 610 |
1 |
|
|a труды учёных ТПУ
|
| 610 |
1 |
|
|a электронный ресурс
|
| 610 |
1 |
|
|a стоматология
|
| 610 |
1 |
|
|a зубоврачебное дело
|
| 610 |
1 |
|
|a зубные протезы
|
| 610 |
1 |
|
|a керамика
|
| 700 |
|
1 |
|a Проскурдина
|b О. А.
|
| 701 |
|
1 |
|a Проскурдин
|b Д. В.
|
| 702 |
|
1 |
|a Верещагин
|b В. И.
|c химик-технолог
|c профессор Томского политехнического университета, доктор технических наук
|f 1942-
|g Владимир Иванович
|3 (RuTPU)RU\TPU\pers\19774
|4 727
|9 7712
|
| 712 |
0 |
2 |
|a Национальный исследовательский Томский политехнический университет (ТПУ)
|b Институт физики высоких технологий (ИФВТ)
|b Кафедра технологии силикатов и наноматериалов (ТСН)
|3 (RuTPU)RU\TPU\col\18694
|
| 801 |
|
2 |
|a RU
|b 63413507
|c 20171107
|g RCR
|
| 856 |
4 |
|
|u http://www.lib.tpu.ru/fulltext/c/2013/C27/V1/042.pdf
|
| 942 |
|
|
|c CF
|